El Sector Agropecuario y las políticas de desarrollo rural en Honduras: experiencias recientes /
में बचाया:
| मुख्य लेखक: | |
|---|---|
| अन्य लेखक: | |
| स्वरूप: | मूलपाठ |
| टैग: |
टैग जोड़ें
कोई टैग नहीं, इस रिकॉर्ड को टैग करने वाले पहले व्यक्ति बनें!
|
MARC
| LEADER | 00000 a a2200000 04500 | ||
|---|---|---|---|
| 001 | 14334 | ||
| 003 | |||
| 040 | |||
| 100 | |a Walker, Ian | ||
| 245 | |a El Sector Agropecuario y las políticas de desarrollo rural en Honduras: experiencias recientes / |c Ian Walker | ||
| 700 | |a Pino, Hugo Noé | ||
| 773 | |g volumen 8, número 61 -62; páginas 138-191 | ||
| 999 | |c 21687 |d 21687 | ||
